000 00543nam a2200217Ia 4500
003 OSt
005 20221005123251.0
006 a|||||r|||| 00| 0
007 ta
008 221004b |||||||| |||| 00| 0 hin d
024 _a47401
037 _cTextual
040 _aCRL
_cCRL
_bhin
041 _2hin
_ahin
082 _aO152,3NDU,1, 31H6
100 _aDube
_9507272
245 0 _aKutravali yaar
650 _aHINDI LITERATURE
_923866
942 _hO152,3NDU,1, 31H6
_cTEXL
_2cc
999 _c1046884
_d1046884